Oceanic and anthropogenic controls of life in the Pacific Ocean : proceedings of the 2nd Pacific Symposium on Marine Sciences, Nadkhodka, Russia, August 11-19, 1988 /

Bibliographic Details
Corporate Author: Pacific Symposium on Marine Sciences Nakhodka, Primorskiĭ kraĭ, R.S.F.S.R.
Other Authors: Ilʹichev, V. I., Anikiev, V. V.
Format: Conference Proceeding Book
Language:English
Published: Dordrecht ; Boston : Kluwer Academic Publishers, [1992]
Series:GeoJournal library ; v. 21.
Subjects:

MARC

Tag First Indicator Second Indicator Subfields
LEADER 00000cam a2200000 a 4500
001 in00001102113
005 20150929190138.0
008 920513s1992 ne a 100 0 eng
010 |a  92017798  
015 |a GB92-45955 
020 |a 0792318544 (alk. paper) 
035 |a (OCoLC)25964716 
035 |9 AFS6398AM 
040 |a DLC  |c DLC  |d UKM  |d TXA  |d UtOrBLW 
043 |a pn----- 
049 |a TXAM 
050 0 0 |a GC771  |b .P33 1988 
082 0 0 |a 574.5/2636/091644  |2 20 
111 2 |a Pacific Symposium on Marine Sciences  |n (2nd :  |d 1988 :  |c Nakhodka, Primorskiĭ kraĭ, R.S.F.S.R.) 
245 1 0 |a Oceanic and anthropogenic controls of life in the Pacific Ocean :  |b proceedings of the 2nd Pacific Symposium on Marine Sciences, Nadkhodka, Russia, August 11-19, 1988 /  |c edited by V.I. Ilyichev and V.V. Anikiev. 
264 1 |a Dordrecht ;  |a Boston :  |b Kluwer Academic Publishers,  |c [1992] 
264 4 |c ©1992 
300 |a x, 345 pages :  |b illustrations ;  |c 25 cm. 
336 |a text  |b txt  |2 rdacontent 
337 |a unmediated  |b n  |2 rdamedia 
338 |a volume  |b nc  |2 rdacarrier 
490 1 |a GeoJournal library ;  |v v. 21 
504 |a Includes bibliographical references. 
650 0 |a Oceanography  |z North Pacific Ocean  |x Congresses. 
650 0 |a Marine resources  |z North Pacific Ocean  |x Congresses. 
650 0 |a Marine ecology  |z North Pacific Ocean  |x Congresses. 
700 1 |a Ilʹichev, V. I. 
700 1 |a Anikiev, V. V. 
830 0 |a GeoJournal library ;  |v v. 21. 
999 |a MARS 
999 f f |s fe530041-7e86-31f0-9265-9a9a90113bb7  |i 2021002c-90d3-335a-9772-280aa6a83bbf  |t 0 
952 f f |p ric  |a Texas A&M University  |b Rellis Campus  |c Joint Library Facility  |d Remote Storage  |t 0  |e GC771 .P33 1988  |h Library of Congress classification  |i unmediated -- volume  |m A14816594420 
998 f f |a GC771 .P33 1988  |t 0  |l Remote Storage